000 00739nam a2200253Ia 4500
003 OSt
005 20220928132641.0
006 a|||||r|||| 00| 0
007 ta
008 220927b |||||||| |||| 00| 0 eng d
020 _c1450
024 _a115337
037 _b233, 17/02/2012, Classic Book Service
_cTextual
040 _aSDCL
_cSDCL
_beng
041 _2eng
_aeng
082 _aV3,3'N, Q1
100 _aSezhiyan Era
_9482555
245 0 _aParliament for the people.
260 _aNew Delhi
_bInstitute of Social Sciences
_c2011
300 _axxxxvii,695p
_ccm.
650 _aPolitical Science
942 _hV3,3'N, Q1
_cTEXL
_2CC
999 _c795299
_d795299